00391nam a2200145Ia 4500003000400000008004100004040001600045082001700061100002200078245006900100260004800169300000800217650001000225650001000235GCL140319s9999 xx 000 0 eng d aGCL / cGCL04a794.144bS C1 aSMULLYAN, ROYMOND10aThe Chess Mysteris of the Arabian Knights. / cSMULLYAN, ROYMOND a[S.N] : bOXFORD UNIVERSITY PRESS ، c1992 a17404aGAMES04aCHESS